00362nam a22000977a 4500003000400000082001900004100005100023245006200074260012000136300000800256SGT a891.4309bB02S aसिंह, विजय बहादुर  aभवानी प्रसाद रचनावली  bअनामिका पब्लिशर्स एंड डिस्ट्रीब्यूटर्स c2002 a492